A history of women in the Canadian military
Kaydedildi:
| Yazar: | |
|---|---|
| Materyal Türü: | Kitap |
| Dil: | Undetermined |
| Baskı/Yayın Bilgisi: |
Canada
Art Global
2000
|
| Konular: | |
| Etiketler: |
Etiketle
Etiket eklenmemiş, İlk siz ekleyin!
|
| Thư viện lưu trữ: | Trung tâm Học liệu Trường Đại học Cần Thơ |
|---|
| LEADER | 00477nam a2200169Ia 4500 | ||
|---|---|---|---|
| 001 | CTU_55978 | ||
| 008 | 210402s9999 xx 000 0 und d | ||
| 082 | |a 355.00820971 | ||
| 082 | |b D914 | ||
| 100 | |a Barbara Dundas | ||
| 245 | 2 | |a A history of women in the Canadian military | |
| 245 | 0 | |c Barbara Dundas | |
| 260 | |a Canada | ||
| 260 | |b Art Global | ||
| 260 | |c 2000 | ||
| 650 | |a Women soldier - Canada - History | ||
| 980 | |a Trung tâm Học liệu Trường Đại học Cần Thơ | ||